ბათუმის შოთა რუსთაველის სახელმწიფო უნივერსიტეტის ბიბლიოთეკა

ზედა მაჭახელი : წიგნი პირველი : (ბიბ.ჩანაწერი № 57279)

000 -ლიდერი
ფიქსირებული სიგრძის საკონტროლო ველი 02127nam a22003017a 4500
003 - საკონტროლო ნომრის იდენტიფიკატორი
საკონტროლო ველი Ge_BSU
005 - ბოლო ოპერაციის თარიღი და დრო
საკონტროლო ველი 20200206111530.0
008 - ფიქსირებული სიგრძის მონაცემთა ელემენტები - ზოგადი ინფორმაცია
ფიქსირებული სიგრძის საკონტროლო ველი 200206s2019ge ||||| |||| 00| 0 geo d
020 ## - წიგნის საერთაშორისო სტანდარტული ნომერი
International Standard Book Number 9789941815072
041 ## - ენის კოდი
Language code of text/sound track or separate title geo
080 ## - უნივერსალური ათობითი კლასიფიკაციის ინდექსი
Universal Decimal Classification number 94(479.223)+39(=353.1) ზ-44
245 ## - ცნობა სათაურის შესახებ
Title ზედა მაჭახელი : წიგნი პირველი :
Remainder of title ისტორიულ - ეთნოლოგიური და დიალექტოლოგიური გამოკვლევა) /
Statement of responsibility, etc როინ მალაყმაძე ; ნაილა ჩელებაძე ; ელზა ფუტკარაძე ; იაშა თანდილავა ; რედ . ნოდარ კახიძე.
264 ## - წარმოების, გამოცემის, დისტრიბუციის და სხვა ცნობები
გამოცემის, წარმოების, დისტრიბუციის... ადგილი თბილისი :
გამოცემის, წარმოების, დისტრიბუციის... სახელწოდება კოლორი,
გამოცემის, წარმოების, დისტრიბუციის... თარიღი 2019.
300 ## - ფიზიკური აღწერა
Extent 236 გვ .:
Other physical details ილ.;
Dimensions 29 სმ.
500 ## - ზოგადი შენიშვნა
General note საქლექსიკ.მასალ. გვ: 184-193
505 ## - FORMATTED CONTENTS NOTE
Statement of responsibility წიგნი დაიბეჭდა სხალთელი მთავარეპისკოპოსის, მეუფე სპირიდონის ლოცვა-კურთხევით
520 ## - SUMMARY, ETC.
Summary, etc რეზიუმე ინგ და ქართულ ენაზე.
653 ## - INDEX TERM--UNCONTROLLED
Uncontrolled term ისტორია
653 ## - INDEX TERM--UNCONTROLLED
Uncontrolled term ეთნოლოგია
700 ## - ADDED ENTRY--PERSONAL NAME
Personal name მალაყმაძე, როინ
9 (RLIN) 4544
700 ## - ADDED ENTRY--PERSONAL NAME
Personal name ჩელებაძე, ნაილე
9 (RLIN) 6824
700 ## - ADDED ENTRY--PERSONAL NAME
Personal name ფუტკარაძე, ელზა
9 (RLIN) 6825
700 ## - ADDED ENTRY--PERSONAL NAME
Personal name თანდილავა, იაშა
9 (RLIN) 6826
700 ## - ADDED ENTRY--PERSONAL NAME
Personal name კახიძე, ნოდარ
Relator term რედაქტორი
9 (RLIN) 6827
710 ## - ADDED ENTRY--CORPORATE NAME
Relator term საქართველოს საპატრიარქოს წმიდა ტბელ აბუსერისძის სახელობის უნივერსიტეტი
9 (RLIN) 6828
710 ## - ADDED ENTRY--CORPORATE NAME
Relator term წმიდა გიორგი მთაწმინდელის სახელობის ქართველოლოგიური კვლევის ინსტიტუტი
9 (RLIN) 6828
942 ## - ADDED ENTRY ELEMENTS (KOHA)
Source of classification or shelving scheme
Koha item type წიგნი
ეგზემპლარები
ჩამოწერის სტატუსი დაკარგული ეგზემპლარის სტატუსი კლასიფიკაციის წყარო ან თაროზე გაწყობის სქემა დაზიანების სტატუსი არ გაიცემა მუდმივი მდებარეობა (დაცვის ადგილი) ამჟამინდელი ადგილსამყოფელი თაროზე განთავსების ადგილი შეძენის თარიღი ღირებულება, შესყიდვის ნორმალური ფასი სრული შენახვის შიფრი შტრიხკოდი ბოლო ოპერაციის თარიღი ეგზემპლარის მიმდევრობითი ნომერი (კეტერი?) ფასის ძალაში შესვლის თარიღი ეგზემპლარის სახეობა საჯარო შენიშვნა
          ბათუმის შოთა რუსთაველის სახელმწიფო უნივერსიტეტის მთავარი ბიბლიოთეკა ბათუმის შოთა რუსთაველის სახელმწიფო უნივერსიტეტის მთავარი ბიბლიოთეკა წიგნსაცავი 2020-02-06 10.00 94(479.223)+39(=353.1) ზ-44 60391 2020-02-06 60391 2020-02-06 წიგნი 10.00
          ბათუმის შოთა რუსთაველის სახელმწიფო უნივერსიტეტის მთავარი ბიბლიოთეკა ბათუმის შოთა რუსთაველის სახელმწიფო უნივერსიტეტის მთავარი ბიბლიოთეკა წიგნსაცავი 2020-02-06 10.00 94(479.223)+39(=353.1) ზ-44 60392 2020-02-06 60392 2020-02-06 წიგნი 10.00
          ბათუმის შოთა რუსთაველის სახელმწიფო უნივერსიტეტის მთავარი ბიბლიოთეკა ბათუმის შოთა რუსთაველის სახელმწიფო უნივერსიტეტის მთავარი ბიბლიოთეკა წიგნსაცავი 2020-02-06 10.00 94(479.223)+39(=353.1) ზ-44 60393 2020-02-06 60393 2020-02-06 წიგნი 10.00
          ბათუმის შოთა რუსთაველის სახელმწიფო უნივერსიტეტის მთავარი ბიბლიოთეკა ბათუმის შოთა რუსთაველის სახელმწიფო უნივერსიტეტის მთავარი ბიბლიოთეკა წიგნსაცავი 2020-02-06 10.00 94(479.223)+39(=353.1) ზ-44 60394 2020-02-06 60394 2020-02-06 წიგნი 10.00
          ბათუმის შოთა რუსთაველის სახელმწიფო უნივერსიტეტის მთავარი ბიბლიოთეკა ბათუმის შოთა რუსთაველის სახელმწიფო უნივერსიტეტის მთავარი ბიბლიოთეკა წიგნსაცავი 2020-02-06 10.00 94(479.223)+39(=353.1) ზ-44 60395 2020-02-06 60395 2020-02-06 წიგნი 10.00